[Event "GER-ch U25 op-A"]
[Site "Willingen"]
[Date "2015.05.27"]
[Round "6"]
[White "Torzinski, Nils"]
[Black "Quante, Lennart"]
[Result "0-1"]
[WhiteElo "1837"]
[BlackElo "2007"]
[PlyCount "58"]
[EventDate "2015.05.24"]
[EventType "swiss"]
[EventRounds "9"]
[EventCountry "GER"]
[SourceTitle "CBM 166 Extra"]
[Source "ChessBase"]
[SourceDate "2015.06.18"]
[SourceVersion "1"]
[SourceVersionDate "2015.06.18"]
[SourceQuality "1"]

1. e4 c5 2. Nc3 a6 3. a4 e6 4. f4 d5 5. d3 d4 6. Nce2 Nc6 7. Nf3 Be7 8. g3 Nf6 9. Bg2 Rb8 10. 0-0 0-0 11. c4 dxc3 12. bxc3 Qc7 13. Qc2 b5 14. axb5 axb5 15. Bd2 Rd8 16. Kh1 Qd7 17. d4 b4 18. dxc5 b3 19. Qb1 Bxc5 20. h3 Qd3 21. Qxd3 Rxd3 22. e5 Ne4 23. Ne1 Rxd2 24. Bxe4 Rxe2 25. Bxc6 b2 26. Rb1 Bf2 27. Kg2 Rxe1 28. Kxf2 Rxf1+ 29. Kxf1 Ba6+ 0-1

[Event "GER-chT North U16"]
[Site "Greifswald"]
[Date "2013.09.12"]
[Round "1.2"]
[White "Torzinski, Nils"]
[Black "Finke, Maurice"]
[Result "1/2-1/2"]
[WhiteElo "1803"]
[BlackElo "1912"]
[PlyCount "61"]
[EventDate "2013.09.12"]
[EventType "team-swiss"]
[EventRounds "7"]
[EventCountry "GER"]
[SourceTitle "EXT 2014"]
[Source "ChessBase"]
[SourceDate "2013.11.20"]
[SourceVersion "1"]
[SourceVersionDate "2013.11.20"]
[SourceQuality "1"]
[WhiteTeam "Berlin Schachunion"]
[BlackTeam "Wildeshausen"]
[WhiteTeamCountry "GER"]
[BlackTeamCountry "GER"]

1. e4 c5 2. Nc3 Nc6 3. f4 g6 4. Nf3 Bg7 5. Bc4 e6 6. 0-0 Nge7 7. d3 0-0 8. Qe1 d5 9. Bb3 Na5 10. Qh4 Nec6 11. Qxd8 Rxd8 12. exd5 Nxb3 13. axb3 exd5 14. Bd2 Bg4 15. Rac1 Nb4 16. Ne5 Be6 17. Ne2 Na6 18. d4 Nc7 19. Ng3 Nb5 20. c3 Nd6 21. Ra1 a6 22. h3 Ra7 23. Ra2 Re8 24. Re1 Bf5 25. Nxf5 Nxf5 26. Kf2 Nd6 27. Be3 Ne4+ 28. Kg1 Re6 29. Ra5 b5 30. Rea1 Rb6 31. Kh2 1/2-1/2

[Event "GER-ch U25 op-A"]
[Site "Oberhof"]
[Date "2013.05.19"]
[Round "2"]
[White "Torzinski, Nils"]
[Black "Bruehan, Caren"]
[Result "1/2-1/2"]
[WhiteElo "1805"]
[BlackElo "1643"]
[PlyCount "133"]
[EventDate "2013.05.19"]
[EventType "swiss"]
[EventRounds "9"]
[EventCountry "GER"]
[SourceTitle "CBM 154 Extra"]
[Source "ChessBase"]
[SourceDate "2013.06.25"]
[SourceVersion "2"]
[SourceVersionDate "2013.06.25"]
[SourceQuality "1"]

1. e4 c5 2. Nc3 Nc6 3. f4 a6 4. a4 g6 5. Nf3 Bg7 6. Bc4 e6 7. 0-0 Nge7 8. Qe1 0-0 9. d3 d5 10. Bb3 dxe4 11. dxe4 Nd4 12. Nxd4 Bxd4+ 13. Kh1 Bg7 14. f5 exf5 15. Qh4 Kh8 16. Bf4 Nc6 17. Qxd8 Nxd8 18. exf5 Bxf5 19. Bd6 Re8 20. Bxc5 Rc8 21. Ba3 Bxc3 22. bxc3 Kg8 23. Rae1 Rxe1 24. Rxe1 Ne6 25. Re3 h5 26. h3 Rc7 27. Kh2 Rc8 28. Bb4 Rc7 29. Re2 Rd7 30. a5 Rd8 31. Be7 Rd7 32. Bf6 Rd6 33. c4 Kh7 34. Be5 Rd7 35. Ba4 Rd8 36. Bf6 Rd6 37. Bc3 Rd8 38. Rd2 Rxd2 39. Bxd2 Nc5 40. Be8 Kg7 41. Bb4 Ne6 42. c3 Nc7 43. Ba4 f6 44. Bd6 Ne6 45. c5 Be4 46. Bd7 Kf7 47. Kg3 Bc6 48. Bc8 Nd8 49. Kf2 Ke8 50. g4 hxg4 51. hxg4 Bd7 52. Bxd7+ Kxd7 53. Kf3 Nc6 54. g5 fxg5 55. Kg4 Nxa5 56. Kxg5 Nc4 57. Bf8 Kc6 58. Kxg6 Ne5+ 59. Kf5 Nd3 60. Ke4 Nxc5+ 61. Ke3 Kb5 62. Kd2 a5 63. Kc2 a4 64. Kb2 Kc4 65. Kc2 b5 66. Kb2 Ne4 67. Bb4 1/2-1/2

[Event "Berlin-ch 2011 U14 Vorrunde 1"]
[Site "Berlin"]
[Date "2010.09.19"]
[Round "3.4"]
[White "Donath, Johann"]
[Black "Torzinski, Nils"]
[Result "1/2-1/2"]
[WhiteElo "1451"]
[BlackElo "1467"]
[PlyCount "81"]
[EventDate "2010.09.18"]
[EventType "swiss"]
[EventRounds "7"]
[EventCountry "GER"]
[SourceTitle "EXT 2022"]
[Source "ChessBase"]
[SourceDate "2021.10.06"]
[SourceVersion "1"]
[SourceVersionDate "2021.10.06"]
[SourceQuality "1"]

1. Nf3 Nf6 2. d4 d5 3. c4 e6 4. Bg5 Be7 5. Nc3 c6 6. e3 Nbd7 7. Be2 0-0 8. 0-0 dxc4 9. Bxc4 Nd5 10. Bxe7 Qxe7 11. e4 Nxc3 12. bxc3 Rd8 13. Qc1 e5 14. Re1 exd4 15. cxd4 Nb6 16. Bb3 Bg4 17. Ng5 Bh5 18. Qe3 h6 19. Nh3 Qf6 20. Nf4 Bg4 21. f3 Bd7 22. e5 Qe7 23. Ng6 Qe8 24. Rad1 Be6 25. Nf4 Bxb3 26. Qxb3 Nd5 27. Nxd5 Rxd5 28. Qxb7 Rb5 29. Qa6 Qd7 30. Re2 Re8 31. Red2 Rd5 32. f4 c5 33. Qa5 cxd4 34. Qb4 d3 35. Qe4 Rd8 36. Kf2 Rd4 37. Qf3 Qb5 38. Qe3 Qc4 39. Kf3 Qc6+ 40. Kf2 Qd5 41. g3 1/2-1/2

[Event "Berlin Hellersdorf op"]
[Site "Berlin"]
[Date "2010.01.09"]
[Round "2"]
[White "Grell, Steffen"]
[Black "Torzinski, Nils"]
[Result "0-1"]
[WhiteElo "1549"]
[BlackElo "1464"]
[PlyCount "64"]
[EventDate "2010.01.08"]
[EventType "swiss"]
[EventRounds "5"]
[EventCountry "GER"]
[SourceTitle "EXT 2012"]
[Source "ChessBase"]
[SourceDate "2011.11.24"]
[SourceVersion "1"]
[SourceVersionDate "2011.11.24"]
[SourceQuality "1"]

1. d4 d5 2. c4 e6 3. Nf3 Nd7 4. Nc3 Ngf6 5. Bg5 Be7 6. e3 0-0 7. h3 c6 8. cxd5 Nxd5 9. Bxe7 Qxe7 10. Bd3 Nxc3 11. bxc3 e5 12. Qc2 h6 13. 0-0 exd4 14. cxd4 Qf6 15. Rfe1 Nb6 16. Nd2 Nd5 17. Ne4 Qe7 18. a3 Bf5 19. Nc5 Bxd3 20. Nxd3 Rfc8 21. Qb3 Nf6 22. a4 Ne4 23. Qc2 c5 24. d5 Rd8 25. f3 Nf6 26. e4 Rac8 27. Qc4 Nd7 28. f4 Nb6 29. Qb5 c4 30. a5 cxd3 31. axb6 d2 32. Re2 Rc1+ 0-1

[Event "Berlin Hellersdorf op"]
[Site "Berlin"]
[Date "2010.01.09"]
[Round "3"]
[White "Torzinski, Nils"]
[Black "Melzer, Juergen"]
[Result "0-1"]
[WhiteElo "1464"]
[BlackElo "1843"]
[PlyCount "94"]
[EventDate "2010.01.08"]
[EventType "swiss"]
[EventRounds "5"]
[EventCountry "GER"]
[SourceTitle "EXT 2012"]
[Source "ChessBase"]
[SourceDate "2011.11.24"]
[SourceVersion "1"]
[SourceVersionDate "2011.11.24"]
[SourceQuality "1"]

1. e4 c5 2. Nc3 g6 3. f4 Bg7 4. Nf3 Nc6 5. Bc4 a6 6. a4 d6 7. 0-0 Nf6 8. d3 Bg4 9. Qe1 Bxf3 10. Rxf3 Nd4 11. Rf2 Ng4 12. Rd2 h5 13. h3 Nh6 14. Bb3 Nxb3 15. cxb3 e6 16. Rf2 Qh4 17. Rf1 Qxe1 18. Rxe1 0-0-0 19. Rf1 f5 20. exf5 Bd4+ 21. Kh2 Nxf5 22. Bd2 d5 23. Rae1 Rd6 24. Nd1 Kd7 25. a5 Bf6 26. b4 Bh4 27. Nf2 cxb4 28. Rc1 Bg3+ 29. Kg1 Rc6 30. Nh1 b3 31. Nxg3 Nxg3 32. Rfe1 Rhc8 33. Rc3 Rxc3 34. Bxc3 Nf5 35. d4 Rc4 36. Rd1 Ne3 37. Rd3 Nc2 38. Kf2 Ra4 39. Rg3 Nxd4 40. Rxg6 Nf5 41. Be5 h4 42. Kf3 Ra2 43. Rg5 Rxa5 44. Kg4 d4 45. Rxf5 exf5+ 46. Kxh4 Rxe5 47. fxe5 d3 0-1

[Event "Berlin Lichtenberger op 8th"]
[Site "Berlin"]
[Date "2009.08.16"]
[Round "3"]
[White "Torzinski, Nils"]
[Black "Fuchs, Joerg"]
[Result "0-1"]
[WhiteElo "1332"]
[BlackElo "1909"]
[PlyCount "77"]
[EventDate "2009.08.15"]
[EventType "swiss"]
[EventRounds "9"]
[EventCountry "GER"]
[SourceTitle "CBM 131 Extra"]
[Source "ChessBase"]
[SourceDate "2009.09.03"]
[SourceVersion "2"]
[SourceVersionDate "2009.09.16"]
[SourceQuality "1"]

1. e4 e5 2. Nf3 d6 3. Nc3 Nf6 4. Bc4 Be7 5. d3 0-0 6. 0-0 Nc6 7. Re1 Na5 8. Bd5 c6 9. Bb3 Nxb3 10. axb3 Bg4 11. Bg5 Nd7 12. Be3 f5 13. h3 Bxf3 14. Qxf3 fxe4 15. Qe2 exd3 16. Qxd3 a6 17. Qe2 d5 18. Nb1 Rf7 19. c3 Qc7 20. Nd2 Raf8 21. Nf3 Qd6 22. Rf1 Qg6 23. Nh2 Nc5 24. Bxc5 Bxc5 25. Ng4 Qf5 26. b4 Ba7 27. Rac1 h5 28. Ne3 Qg5 29. Kh1 Bxe3 30. fxe3 Rxf1+ 31. Rxf1 Rxf1+ 32. Qxf1 Qxe3 33. Qd1 g6 34. Qf1 Qf4 35. Qg1 e4 36. Qe1 e3 37. Kg1 Kg7 38. Qe2 Kf6 39. Qd3 0-1

[Event "Berlin Lichtenberger op 8th"]
[Site "Berlin"]
[Date "2009.08.16"]
[Round "2"]
[White "Walter, Guenter2222"]
[Black "Torzinski, Nils"]
[Result "1-0"]
[WhiteElo "2245"]
[BlackElo "1332"]
[PlyCount "31"]
[EventDate "2009.08.15"]
[EventType "swiss"]
[EventRounds "9"]
[EventCountry "GER"]
[SourceTitle "CBM 131 Extra"]
[Source "ChessBase"]
[SourceDate "2009.09.03"]
[SourceVersion "2"]
[SourceVersionDate "2009.09.16"]
[SourceQuality "1"]

1. e4 e5 2. Nf3 Nc6 3. Bb5 a6 4. Bxc6 bxc6 5. d4 Nf6 6. Nxe5 Nxe4 7. Qf3 Nd6 8. 0-0 f6 9. Qh5+ g6 10. Nxg6 hxg6 11. Qxh8 Qe7 12. Bd2 Kd8 13. Bh6 Ke8 14. Bxf8 Qxf8 15. Re1+ Kf7 16. Qh7+ 1-0